Umenie bojujúce, spájajúce Hovoríme s tajomníkom Zväzu sovietskych spisovateľov J. Voronovom

Bibliographic Details
Main Authors: Furmaník, Peter (Author), Voronov, J. (Author)
Format: Article
Language:Slovak
Subjects:

MARC

LEADER 00000nab a2200000 a 4500
001 vtls000202881
003 SK-MaSNL
005 20260303175854.0
008 220422c1984 xo 0 slo
015 |a SNBRB19rr/mm-uuuuu 
035 |a CL0212994 
040 |a SNKBUCL  |b slo  |c SNKBUCL  |e AACR2 
041 0 |a slo 
044 |a xo  |c SK 
080 |a 82(091):882+820/899 (47+57)  |2 1981 
080 |a 882  |2 1981 
080 |a 820/899 (47  |2 1981 
100 1 |a Furmaník, Peter  |4 aut  |9 877641 
245 1 0 |a Umenie bojujúce, spájajúce  |b Hovoríme s tajomníkom Zväzu sovietskych spisovateľov J. Voronovom  |c Peter Furmaník, J. Voronov 
650 0 7 |a sovietska literatúra  |2 snkbucl  |9 22300 
655 7 |a články z novín a časopisov  |2 snkbucl  |9 267496 
655 7 |a články z odboru literárna veda a krásna literatúra  |2 snkbucl  |9 770045 
700 1 |a Voronov, J.  |4 aut  |9 1204988 
773 0 |t Večer  |g Roč. 16, č. 238 (3. 12. 1984), s. /3/ 
850 |a Slovenská národná knižnica v Martine  |a MTA001 
852 |a SNK  |b KIS3GCP 
958 |a RK 
958 |a ME 
958 |a LX 
958 |a SU 
992 |a RBX 
999 |c 2103713  |d 2105643